Does monetary incentives really matter in motivating employees ? Opinions from the employees of the Ghana Rubber Estate Limited (Record no. 110522)

000 -LEADER
fixed length control field 00585pab a2200181 454500
008 - FIXED-LENGTH DATA ELEMENTS--GENERAL INFORMATION
fixed length control field 180718b2015 xxu||||| |||| 00| 0 eng d
100 ## - MAIN ENTRY--PERSONAL NAME
Personal name Dick-Sagon, Christopher
245 ## - TITLE STATEMENT
Title Does monetary incentives really matter in motivating employees ? Opinions from the employees of the Ghana Rubber Estate Limited
260 ## - PUBLICATION, DISTRIBUTION, ETC.
Date of publication, distribution, etc. 2015
300 ## - PHYSICAL DESCRIPTION
Extent p.84-87.
362 ## - DATES OF PUBLICATION AND/OR SEQUENTIAL DESIGNATION
Dates of publication and/or sequential designation Jul-Dec
650 ## - SUBJECT ADDED ENTRY--TOPICAL TERM
Topical term or geographic name entry element Ghana Rubber Estate Limited
650 ## - SUBJECT ADDED ENTRY--TOPICAL TERM
Topical term or geographic name entry element Employees
650 ## - SUBJECT ADDED ENTRY--TOPICAL TERM
Topical term or geographic name entry element Motivation
700 ## - ADDED ENTRY--PERSONAL NAME
Personal name Ahyiah, William Sakyi
773 ## - HOST ITEM ENTRY
Main entry heading South Asian Journal of Socio-Political Studies
909 ## -
-- 110527
Holdings
Withdrawn status Lost status Damaged status Not for loan Permanent Location Current Location Date acquired Serial Enumeration / chronology Barcode Date last seen Price effective from Koha item type
        Indian Institute of Public Administration Indian Institute of Public Administration 2018-07-19 Volume no: 16, Issue no: 1 AR110987 2018-07-19 2018-07-19 Articles

Powered by Koha